| 000 | 00536cam a2200217ua 4500 | ||
|---|---|---|---|
| 001 | 8366 | ||
| 005 | 20260515114327.0 | ||
| 008 | 150129n ii |||gr||||Z||||||eng | ||
| 020 | _a9780333917619 | ||
| 040 | _cMAIN | ||
| 041 | _aeng | ||
| 082 | _a809 | ||
| 100 |
_aPrasad, B., _eAuthor. |
||
| 245 | 1 |
_aIntroduction to english criticism _cBy Birjadish Prasad |
|
| 250 | _a1st. | ||
| 260 |
_aDelhi: _bMacmillan, _c2011. |
||
| 300 | _a254p. | ||
| 653 | _aHistory, description & criticism | ||
| 653 | _aEnglish criticism | ||
| 942 | _cBK | ||
| 999 |
_c7471 _d7471 |
||